000 00645nam a22001937a 4500
999 _c169800
_d169800
005 20191204161237.0
010 _aB-283634
020 _c250.00
_a8123014805
035 _aB-283634
037 _bBPPD
082 _a260
100 _aمہيپ سنگھ
245 _aگر و نا نک سے گر و گر نتھ صا حب تک
_cمہيپ سنگھ
246 _aGuru Nanak Se Guru Granth Sahib Tak (Urdu)
_bby Maheep Singh
260 _aN.Delhi
_bAdditional Director Gernal Pub.Div.
_c2008 ء
270 _aSuchna Bhawan CGO Complex
_bN.Delhi
_e110003
_k-
300 _a135 ص
_c22 cm(hb)
942 _2ddc
_cUR
_h260
_mم ہ ی